El valle del Río Nilo y sus habitantes /

Influencia y recorrido. Uganda. Productos agrícolas. Características físicas de la zona norte y sur del Sudán. Actividades que se desarrollan en el sur del país. Base económica de Egipto.

Guardado en:
Autor Corporativo: Videopedia Britannica.
Formato: Deslizar
Materias:
Etiquetas: Agregar Etiqueta
Sin Etiquetas, Sea el primero en etiquetar este registro!
LEADER 01004ngm a22002775g 4500
001 CEM.cems021610
008 130507b199?##################0###0#####d
005 20240830145037.0
245 1 0 |a El valle del Río Nilo y sus habitantes /  |c Videopedia Britannica. 
300 |a 15 
500 |a En soporte VHS, consultar en ventanilla. 
520 |a Influencia y recorrido. Uganda. Productos agrícolas. Características físicas de la zona norte y sur del Sudán. Actividades que se desarrollan en el sur del país. Base económica de Egipto. 
538 |a Soporte: VHS - Norma: Pal N - Color - Compra CEMS - Hitachi=1170 
110 2 |a Videopedia Britannica. 
082 9 1 |/ VID 
653 |a SOCIOLOGIA 
653 |a AFRICA-GEOGRAFIA HUMANA 
653 |a GEOGRAFIA 
653 |a NILO 
653 |a UGANDA 
653 |a GEOGRAFIA HUMANA 
653 |a AFRICA 
653 |a EGIPTO 
653 |a SUDAN 
653 |a NIVEL SECUNDARIO 
859 |a CEMS  |b BIB. CEMS - Depto. Recursos Didacticos  |h 916  |i VID  |k DRD  |p 253.12  |t Ej.1